[Event "Titled Tuesday intern op 20th July"]
[Site "Chess.com INT"]
[Date "2021.07.20"]
[Round "4"]
[White "Thing, Bibek"]
[Black "Shton, Roman"]
[Result "1/2-1/2"]
[WhiteElo "2190"]
[BlackElo "2038"]
[PlyCount "211"]
[EventDate "2021.07.20"]
[EventType "swiss (blitz)"]
[EventRounds "11"]
[EventCountry "USA"]
[SourceTitle "CBM 203 Extra"]
[Source "ChessBase"]
[SourceDate "2021.09.30"]
[SourceVersion "1"]
[SourceVersionDate "2021.09.30"]
[SourceQuality "1"]

1. e4 Nf6 2. e5 Nd5 3. c4 Nb6 4. d4 d6 5. exd6 cxd6 6. Nc3 g6 7. Be3 Bg7 8. Rc1 0-0 9. Be2 Nc6 10. d5 Ne5 11. b3 f5 12. f4 Ned7 13. Nf3 Re8 14. 0-0 e5 15. dxe6 Rxe6 16. Bd4 Nc5 17. Bxg7 Kxg7 18. Nd4 Re3 19. Qd2 Qe7 20. Rce1 Bd7 21. Bf3 Re8 22. Rxe3 Qxe3+ 23. Qxe3 Rxe3 24. Ncb5 Nc8 25. Kf2 Re7 26. Rd1 a6 27. Nc3 Nb6 28. b4 Ne4+ 29. Bxe4 fxe4 30. Nd5 Nxd5 31. cxd5 e3+ 32. Kf3 h5 33. h3 Bf5 34. Nxf5+ gxf5 35. Re1 Re4 36. Rxe3 Rxb4 37. Re6 Rb6 38. Kg3 a5 39. a4 Rb4 40. Rxd6 Rxa4 41. Rd7+ Kf6 42. Rxb7 Rd4 43. Rb6+ Kg7 44. d6 a4 45. Ra6 Kf7 46. Ra5 Ke6 47. Re5+ Kf6 48. Ra5 Ke6 49. Ra6 Kd7 50. Kf3 Rb4 51. Kg3 Rd4 52. Kh4 Rxf4+ 53. Kg5 Rf2 54. g3 Rf3 55. Kh4 Rd3 56. Rxa4 Kxd6 57. Ra6+ Ke5 58. Rh6 Ra3 59. Rxh5 Kf6 60. Rh6+ Kg7 61. Rb6 Rc3 62. Rb5 Kg6 63. Rb6+ Kg7 64. Re6 Ra3 65. Re7+ Kf6 66. Rh7 Kg6 67. Rh8 Kg7 68. Rh5 Kg6 69. Rg5+ Kf6 70. Kh5 f4 71. Rg6+ Kf7 72. g4 Rxh3+ 73. Kg5 f3 74. Rf6+ Kg7 75. Ra6 f2 76. Ra7+ Kf8 77. Ra1 Rf3 78. Rf1 Rf7 79. Kh4 Kg7 80. Kg3 Kg6 81. Rxf2 Rxf2 82. Kxf2 Kf6 83. Kg3 Kg5 84. Kf3 Kg6 85. Kf4 Kf6 86. Kg3 Kg5 87. Kh3 Kg6 88. Kh4 Kh6 89. g5+ Kh7 90. Kg4 Kg7 91. Kh5 Kh7 92. Kg4 Kg6 93. Kf4 Kg7 94. Kf5 Kf7 95. Kf4 Kg7 96. Kg4 Kg6 97. Kh4 Kg7 98. Kh5 Kh7 99. g6+ Kg7 100. Kg5 Kg8 101. Kh6 Kh8 102. Kh5 Kg8 103. Kg5 Kh8 104. Kf5 Kg8 105. Kf6 Kh8 106. Kf7 1/2-1/2

[Event "Titled Tuesday intern op 30th Mar"]
[Site "Chess.com INT"]
[Date "2021.03.30"]
[Round "1"]
[White "Dong, Bao Nghia"]
[Black "Thing, Bibek"]
[Result "1-0"]
[WhiteElo "2227"]
[BlackElo "2222"]
[PlyCount "81"]
[EventDate "2021.03.30"]
[EventType "swiss (blitz)"]
[EventRounds "11"]
[EventCountry "USA"]
[SourceTitle "CBM 201 Extra"]
[Source "ChessBase"]
[SourceDate "2021.05.31"]
[SourceVersion "1"]
[SourceVersionDate "2021.05.31"]
[SourceQuality "1"]

1. d4 d5 2. c4 c6 3. Nc3 Nf6 4. Nf3 dxc4 5. e3 Bf5 6. a4 e6 7. Bxc4 Nbd7 8. 0-0 Nb6 9. Be2 a5 10. h3 Bb4 11. Ne5 0-0 12. Bd2 Re8 13. Rc1 h6 14. Be1 Nfd7 15. Nxd7 Qxd7 16. f3 Rad8 17. Bf2 Bg6 18. Qb3 e5 19. dxe5 Rxe5 20. Rfd1 Qc8 21. Rxd8+ Qxd8 22. Rd1 Qe8 23. e4 Nc8 24. Na2 Qf8 25. Nxb4 axb4 26. Rd7 Re7 27. Bc5 Rxd7 28. Bxf8 Kxf8 29. Qxb4+ Ke8 30. a5 f6 31. a6 bxa6 32. Qb8 Rd8 33. Bxa6 Ne7 34. Qb6 Bf7 35. Bb7 Rd6 36. Qc7 Rd1+ 37. Kh2 Rc1 38. b4 Be6 39. b5 Bd7 40. b6 Rb1 41. Ba6 1-0

[Event "Titled Tuesday intern op 30th Mar"]
[Site "Chess.com INT"]
[Date "2021.03.30"]
[Round "5"]
[White "Peralta, Eduardo"]
[Black "Thing, Bibek"]
[Result "1-0"]
[WhiteElo "2218"]
[BlackElo "2222"]
[PlyCount "65"]
[EventDate "2021.03.30"]
[EventType "swiss (blitz)"]
[EventRounds "11"]
[EventCountry "USA"]
[SourceTitle "CBM 201 Extra"]
[Source "ChessBase"]
[SourceDate "2021.05.31"]
[SourceVersion "1"]
[SourceVersionDate "2021.05.31"]
[SourceQuality "1"]

1. d4 d5 2. c4 c6 3. Nf3 Nf6 4. Nc3 dxc4 5. a4 Bf5 6. Nh4 e6 7. e3 Bb4 8. Nxf5 exf5 9. Bxc4 0-0 10. 0-0 Nbd7 11. Qc2 g6 12. Ne2 Nb6 13. Bb3 Re8 14. Ng3 Nbd5 15. Bc4 a5 16. b3 h5 17. Rd1 Rc8 18. Bb2 Rc7 19. Rd3 Rce7 20. Rf1 Bd6 21. Rdd1 Qb8 22. Rfe1 f4 23. Nf1 fxe3 24. fxe3 Nxe3 25. Qxg6+ Kf8 26. Qxf6 Kg8 27. Qg6+ Kf8 28. Qh6+ Kg8 29. Nxe3 Bxh2+ 30. Kh1 Qg3 31. Qxh5 Qf4 32. Qxh2 Qg5 33. Bc1 1-0

[Event "Titled Tuesday intern op 30th Mar"]
[Site "Chess.com INT"]
[Date "2021.03.30"]
[Round "4"]
[White "Thing, Bibek"]
[Black "Potapova, Margarita"]
[Result "0-1"]
[WhiteElo "2222"]
[BlackElo "2277"]
[PlyCount "118"]
[EventDate "2021.03.30"]
[EventType "swiss (blitz)"]
[EventRounds "11"]
[EventCountry "USA"]
[SourceTitle "CBM 201 Extra"]
[Source "ChessBase"]
[SourceDate "2021.05.31"]
[SourceVersion "1"]
[SourceVersionDate "2021.05.31"]
[SourceQuality "1"]

1. e4 c5 2. Nf3 d6 3. Bb5+ Nd7 4. 0-0 a6 5. Be2 Ngf6 6. d3 g6 7. c3 Bg7 8. Bf4 0-0 9. Qc1 b5 10. Bh6 Bb7 11. Bxg7 Kxg7 12. h3 e5 13. Nh2 d5 14. exd5 Nxd5 15. Bf3 Qc7 16. Bxd5 Bxd5 17. Ng4 f5 18. Qh6+ Kg8 19. Ne3 Bb7 20. Nd2 Nf6 21. Rad1 Rfd8 22. Nb3 Rac8 23. f4 e4 24. d4 c4 25. Nc5 Qf7 26. Qh4 Rd6 27. Rde1 b4 28. g4 fxg4 29. hxg4 Nd5 30. Nxd5 Bxd5 31. Nxe4 Bxe4 32. Rxe4 Rf6 33. Rfe1 g5 34. Qxg5+ Rg6 35. Qh4 Qd7 36. f5 Qxf5 37. Re8+ Rxe8 38. Rxe8+ Kg7 39. Qe7+ Kh6 40. Qh4+ Kg7 41. Qe7+ Kh6 42. Qe3+ Qg5 43. Qxg5+ Kxg5 44. cxb4 Rd6 45. Re5+ Kxg4 46. d5 h5 47. Re4+ Kg3 48. Rxc4 Rxd5 49. Rc3+ Kg4 50. a4 Rd2 51. b3 Rd5 52. Rc5 Rd1+ 53. Kf2 Rd2+ 54. Ke3 Rb2 55. Rc3 h4 56. b5 axb5 57. axb5 h3 58. b6 h2 59. Rc4+ Kg3 0-1

[Event "Moscow op-A 17th"]
[Site "Moscow"]
[Date "2021.02.25"]
[Round "6"]
[White "Thing, Bibek"]
[Black "Zarubitski, Viachaslau"]
[Result "0-1"]
[WhiteElo "2222"]
[BlackElo "2446"]
[PlyCount "111"]
[EventDate "2021.02.20"]
[EventType "swiss"]
[EventRounds "9"]
[EventCountry "RUS"]
[SourceTitle "CBM 200 Extra"]
[Source "ChessBase"]
[SourceDate "2021.03.31"]
[SourceVersion "1"]
[SourceVersionDate "2021.03.31"]
[SourceQuality "1"]

1. e4 e6 2. d4 b6 3. Nf3 Bb7 4. Bd3 c5 5. dxc5 Bxc5 6. 0-0 Ne7 7. Qe2 Nbc6 8. c3 Ng6 9. Be3 0-0 10. Rd1 Qc7 11. Bxc5 bxc5 12. Qe3 Nce7 13. Na3 f5 14. Ne1 Kh8 15. exf5 exf5 16. Be2 Nd5 17. Qd2 Rae8 18. Bf1 Nh4 19. Qg5 Ng6 20. Qd2 Qc6 21. Nc4 Ba8 22. Nd3 Re4 23. b3 Nb6 24. Nxb6 axb6 25. f3 Re7 26. Re1 Qf6 27. Rxe7 Qxe7 28. Nf2 d5 29. Re1 Qf6 30. Qe3 h6 31. b4 d4 32. cxd4 cxd4 33. Qe6 Qg5 34. Nh3 Qh5 35. Qd6 Kh7 36. Qxd4 Nh4 37. Nf4 Qg5 38. Kf2 Rd8 39. Qe3 Rc8 40. Rc1 Rxc1 41. Qxc1 Ng6 42. Nd3 Qh4+ 43. Kg1 Qd4+ 44. Kh1 f4 45. a4 h5 46. a5 bxa5 47. bxa5 Kh6 48. a6 Bd5 49. Qc5 Qa1 50. Kg1 Ba2 51. Qb6 Bc4 52. Kf2 Bxa6 53. Qb2 Qa4 54. Qd2 Bxd3 55. Bxd3 Qb3 56. Be2 0-1

[Event "Asia Nations online Cup"]
[Site "Chess.com INT"]
[Date "2020.10.18"]
[Round "9.11"]
[White "Salman, Ali Khan"]
[Black "Thing, Bibek"]
[Result "0-1"]
[WhiteElo "1681"]
[BlackElo "2222"]
[PlyCount "60"]
[EventDate "2020.10.10"]
[EventType "team-swiss (rapid)"]
[EventRounds "9"]
[EventCountry "IND"]
[SourceTitle "CBM 198 Extra"]
[Source "ChessBase"]
[SourceDate "2020.11.30"]
[SourceVersion "1"]
[SourceVersionDate "2020.11.30"]
[SourceQuality "1"]
[WhiteTeam "Pakistan"]
[BlackTeam "Nepal"]
[WhiteTeamCountry "PAK"]
[BlackTeamCountry "NEP"]

1. d4 Nf6 2. Bf4 e6 3. e3 a6 4. a4 b6 5. Nd2 Bb7 6. Ngf3 Be7 7. Bd3 d6 8. h3 Nbd7 9. 0-0 0-0 10. c3 Re8 11. e4 e5 12. dxe5 dxe5 13. Be3 Nc5 14. Bxc5 Qxd3 15. Bxe7 Rxe7 16. Re1 Nh5 17. Re3 Qd6 18. Nc4 Qf6 19. g3 Rae8 20. Nh4 g6 21. Qe2 a5 22. Nd2 Nf4 23. Qf1 Bc8 24. gxf4 exf4 25. Rf3 Qxh4 26. Qg2 f5 27. exf5 Bxf5 28. Qf1 Re2 29. Nb3 c5 30. Nc1 Re1 0-1